[Event "Remembrance Day op"]
[Site "Toronto CAN"]
[Date "2002.11.09"]
[Round "2"]
[White "Southam, David"]
[Black "Noritsyn, Nikolay"]
[Result "1/2-1/2"]
[WhiteElo "2210"]
[BlackElo "2124"]
[PlyCount "49"]
[EventDate "2002.11.08"]
[EventType "swiss"]
[EventRounds "5"]
[EventCountry "CAN"]

1. d4 d5 2. c4 e6 3. Nc3 c5 4. cxd5 exd5 5. Nf3 Nc6 6. g3 Nf6 7. Bg2 Be7 8. O-O
O-O 9. dxc5 Bxc5 10. Bg5 Be6 11. Bxf6 Qxf6 12. Nxd5 Qxb2 13. Nc7 Rad8 14. Qc1
Qxc1 15. Raxc1 b6 16. Nxe6 fxe6 17. e3 h6 18. Rfd1 Nb4 19. a4 Nd3 20. Rc2 Ne5
21. Rxd8 Nxf3+ 22. Bxf3 Rxd8 23. Rc4 Kf7 24. Re4 Kf6 25. h4 1/2-1/2

[Event "Remembrance Day op"]
[Site "Toronto CAN"]
[Date "2002.11.09"]
[Round "2"]
[White "Stevens, Christian"]
[Black "Ochkoos, Jura"]
[Result "0-1"]
[WhiteElo "2206"]
[BlackElo "2350"]
[PlyCount "50"]
[EventDate "2002.11.08"]
[EventType "swiss"]
[EventRounds "5"]
[EventCountry "CAN"]

1. c4 Nf6 2. Nc3 g6 3. e4 d6 4. d4 Bg7 5. Be2 O-O 6. Bg5 c6 7. h4 Qa5 8. Bd2
Nbd7 9. b4 Qc7 10. h5 a5 11. bxa5 Rxa5 12. hxg6 fxg6 13. c5 dxc5 14. Bc4+ Kh8
15. e5 cxd4 16. exf6 Nxf6 17. Nce2 Ne4 18. Nf3 Bf5 19. Bxa5 Qxa5+ 20. Kf1 d3
21. Bxd3 Rd8 22. Kg1 Qb6 23. Rb1 Qxf2+ 24. Kh2 Ng5 25. Ng3 Rxd3 0-1

[Event "Remembrance Day op"]
[Site "Toronto CAN"]
[Date "2002.11.09"]
[Round "2"]
[White "Urquhart, Eddie"]
[Black "Bailey, Doug"]
[Result "0-1"]
[WhiteElo "2266"]
[BlackElo "2306"]
[PlyCount "132"]
[EventDate "2002.11.08"]
[EventType "swiss"]
[EventRounds "5"]
[EventCountry "CAN"]

1. e4 c5 2. Nc3 Nc6 3. f4 g6 4. Nf3 Bg7 5. a3 Nh6 6. Bc4 O-O 7. O-O e6 8. d3 a6
9. Qe1 Nd4 10. Nxd4 cxd4 11. Nd1 d5 12. Bb3 dxe4 13. dxe4 d3 14. Nc3 Bd7 15.
Kh1 Bc6 16. Be3 dxc2 17. Bxc2 Qa5 18. h3 Rfc8 19. f5 Nxf5 20. exf5 gxf5 21. Qh4
Kh8 22. Bd4 Rg8 23. Rf2 Bxd4 24. Qxd4+ Rg7 25. Rg1 Rd8 26. Qf4 Qb6 27. Rd2 Rxd2
28. Qxd2 Rg3 29. Qh6 Qf2 30. Qf6+ Kg8 31. Be4 Rxc3 32. Qxc3 fxe4 33. Kh2 e3 34.
Qe5 Kf8 35. Qd6+ Ke8 36. Qd4 Bd5 37. Qh8+ Kd7 38. Qd4 f5 39. Qg7+ Kd6 40. Rc1
Qf4+ 41. Kh1 Bc6 42. Qf8+ Kc7 43. Qe7+ Kb8 44. Qf8+ Ka7 45. Qc5+ Ka8 46. Qf8+
Qb8 47. Qxb8+ Kxb8 48. Kg1 f4 49. Kf1 Kc7 50. Ke2 Kd6 51. g3 e5 52. gxf4 exf4
53. Rg1 Ke5 54. Rg7 Kd4 55. Rg4 Ke4 56. Rh4 Bb5+ 57. Ke1 Bd3 58. Rxh7 f3 59.
Rf7 f2+ 60. Rxf2 exf2+ 61. Kxf2 Kd4 62. Ke1 Kc4 63. Kd2 Bg6 64. Kc1 Kb3 65. h4
a5 66. h5 Bh7 0-1

[Event "Remembrance Day op"]
[Site "Toronto CAN"]
[Date "2002.11.09"]
[Round "3"]
[White "Demmery, Steve"]
[Black "Southam, David"]
[Result "0-1"]
[WhiteElo "2108"]
[BlackElo "2210"]
[PlyCount "78"]
[EventDate "2002.11.08"]
[EventType "swiss"]
[EventRounds "5"]
[EventCountry "CAN"]

1. d4 d5 2. c4 e6 3. Nf3 c6 4. cxd5 exd5 5. g3 Bd6 6. Bg2 Nf6 7. O-O O-O 8. Nc3
Re8 9. Bg5 h6 10. Bxf6 Qxf6 11. Rc1 Bf5 12. Qb3 Qe7 13. Nh4 Bh7 14. e4 dxe4 15.
Rfe1 Na6 16. Bxe4 Qd7 17. a3 Bf8 18. Nf3 Bxe4 19. Nxe4 Rab8 20. Ne5 Qe6 21. Qa4
Rbd8 22. Rcd1 f6 23. Ng6 Qf7 24. Nxf8 Qxf8 25. b4 Qf7 26. Nc5 Rxe1+ 27. Rxe1
Nxc5 28. dxc5 a6 29. Qc2 Rd5 30. Qc4 f5 31. f4 Kh7 32. a4 Qd7 33. b5 axb5 34.
axb5 cxb5 35. Qb4 Rd2 36. Rb1 Qd5 37. Qxd2 Qxd2 38. Rxb5 Qe3+ 39. Kh1 Qe1+ 0-1

[Event "Remembrance Day op"]
[Site "Toronto CAN"]
[Date "2002.11.09"]
[Round "3"]
[White "Kret, Ted"]
[Black "Findlay, Ian"]
[Result "0-1"]
[WhiteElo "2217"]
[BlackElo "2365"]
[PlyCount "46"]
[EventDate "2002.11.08"]
[EventType "swiss"]
[EventRounds "5"]
[EventCountry "CAN"]

1. d4 Nf6 2. c4 c5 3. Nf3 cxd4 4. Nxd4 e5 5. Nc2 d5 6. cxd5 Qxd5 7. Qxd5 Nxd5
8. e4 Nb4 9. Nba3 N8c6 10. Bd2 Be6 11. Bb5 O-O-O 12. Ke2 a6 13. Bxb4 Nxb4 14.
Rhc1 Nxa2 15. Rxa2 Bxa2 16. Nb4+ Kb8 17. Nxa2 Bxa3 18. Bc4 Bxb2 19. Rb1 Rc8 20.
Bd5 Rc2+ 21. Kf3 Rhc8 22. Nb4 R8c3+ 23. Kg4 Rxf2 0-1

[Event "Remembrance Day op"]
[Site "Toronto CAN"]
[Date "2002.11.09"]
[Round "3"]
[White "Miller, Evgeny"]
[Black "Filipovich, David"]
[Result "0-1"]
[WhiteElo "2208"]
[BlackElo "2294"]
[PlyCount "96"]
[EventDate "2002.11.08"]
[EventType "swiss"]
[EventRounds "5"]
[EventCountry "CAN"]

1. e4 c6 2. d4 d5 3. e5 Bf5 4. Nf3 e6 5. Be2 Ne7 6. O-O Nd7 7. Be3 Bg4 8. Nbd2
Nf5 9. h3 Bxf3 10. Nxf3 h5 11. Bd3 g6 12. b3 Be7 13. c4 Qc7 14. Rc1 dxc4 15.
bxc4 c5 16. Bxf5 gxf5 17. d5 Nxe5 18. Bf4 Nxf3+ 19. Qxf3 e5 20. Bxe5 Qxe5 21.
Rfe1 Qd6 22. Qxf5 Rh6 23. Rc3 Rf6 24. Qxh5 O-O-O 25. Rce3 Bf8 26. Qg4+ Kc7 27.
Qd1 Qf4 28. Rf3 Qh4 29. Rxf6 Qxf6 30. Qa4 Kb8 31. Re8 Bd6 32. g3 Rxe8 33. Qxe8+
Kc7 34. Qe2 Qe5 35. Qf3 f5 36. h4 f4 37. gxf4 Qxf4 38. Qxf4 Bxf4 39. Kg2 b5 40.
Kf3 Bh6 41. cxb5 c4 42. Ke4 Bg7 43. a4 c3 44. Kd3 Kd6 45. Kc2 Kxd5 46. Kb3 Kc5
47. h5 Kb6 48. h6 Bh8 0-1

[Event "Remembrance Day op"]
[Site "Toronto CAN"]
[Date "2002.11.09"]
[Round "3"]
[White "Noritsyn, Nikolay"]
[Black "Urquhart, Eddie"]
[Result "1/2-1/2"]
[WhiteElo "2124"]
[BlackElo "2266"]
[PlyCount "58"]
[EventDate "2002.11.08"]
[EventType "swiss"]
[EventRounds "5"]
[EventCountry "CAN"]

1. e4 c6 2. d4 d5 3. e5 Bf5 4. Ne2 e6 5. Ng3 Bg6 6. h4 h6 7. h5 Bh7 8. Bd3 Bxd3
9. Qxd3 Qb6 10. O-O Nd7 11. b3 c5 12. c3 Ne7 13. Be3 cxd4 14. cxd4 Nc6 15. Nd2
Be7 16. Qe2 O-O-O 17. Rfc1 Ba3 18. Nc4 dxc4 19. d5 Nc5 20. dxc6 Bxc1 21. Rxc1
Qb5 22. Rxc4 Nd3 23. Bd4 Rd5 24. Qxd3 bxc6 25. Qc3 Rhd8 26. Ne4 Qa5 27. Rxc6+
Kb8 28. b4 Qa4 29. Bc5 Qxc6 1/2-1/2

[Event "Remembrance Day op"]
[Site "Toronto CAN"]
[Date "2002.11.09"]
[Round "3"]
[White "Ochkoos, Jura"]
[Black "Bailey, Doug"]
[Result "0-1"]
[WhiteElo "2350"]
[BlackElo "2306"]
[PlyCount "64"]
[EventDate "2002.11.08"]
[EventType "swiss"]
[EventRounds "5"]
[EventCountry "CAN"]

1. e4 c5 2. c3 d5 3. exd5 Nf6 4. d4 cxd4 5. cxd4 Nxd5 6. Nf3 Nc6 7. Nc3 e6 8.
Bd3 Be7 9. O-O O-O 10. Re1 Nf6 11. a3 b6 12. Bg5 Bb7 13. Bc2 Rc8 14. Qd3 g6 15.
Rad1 Na5 16. Ne5 Nd5 17. Bh6 Nxc3 18. bxc3 Qd5 19. Qf1 Rfd8 20. c4 Qd6 21. Qe2
Nc6 22. Nf3 Ba6 23. Bb1 Bf6 24. Bg5 Bxg5 25. Nxg5 Nxd4 26. Qg4 Bxc4 27. Qh4 h5
28. Ne4 Ne2+ 29. Kh1 Qxd1 30. Nf6+ Kf8 31. Nh7+ Kg7 32. Qf6+ Kg8 0-1

[Event "Remembrance Day op"]
[Site "Toronto CAN"]
[Date "2002.11.09"]
[Round "3"]
[White "Solis, Jaime"]
[Black "Okolotowicz, Zbigniew"]
[Result "1/2-1/2"]
[WhiteElo "1805"]
[BlackElo "2235"]
[PlyCount "49"]
[EventDate "2002.11.08"]
[EventType "swiss"]
[EventRounds "5"]
[EventCountry "CAN"]

1. e4 c5 2. Nf3 Nc6 3. d4 cxd4 4. Nxd4 Nf6 5. Nc3 d6 6. Be2 Bd7 7. O-O g6 8.
Be3 Bg7 9. f3 O-O 10. Qd2 Nxd4 11. Bxd4 Bc6 12. Rfd1 Qc7 13. Nb5 Qb8 14. c4 b6
15. Nc3 Qb7 16. Be3 Rfd8 17. Rac1 Rac8 18. b3 Rc7 19. Bf1 Qc8 20. Bf2 Rdd7 21.
Qe1 Bb7 22. Kh1 Qa8 23. Bg3 Bh6 24. Rc2 Rd8 25. Nb5 1/2-1/2

[Event "Remembrance Day op"]
[Site "Toronto CAN"]
[Date "2002.11.09"]
[Round "3"]
[White "Stevens, Christian"]
[Black "Benson, Chris"]
[Result "1-0"]
[WhiteElo "2206"]
[BlackElo "2022"]
[PlyCount "77"]
[EventDate "2002.11.08"]
[EventType "swiss"]
[EventRounds "5"]
[EventCountry "CAN"]

1. c4 e6 2. Nf3 Nf6 3. Nc3 Bb4 4. Qc2 b6 5. a3 Bxc3 6. Qxc3 Bb7 7. g3 O-O 8.
Bg2 d6 9. O-O Nbd7 10. d3 c5 11. b4 Rc8 12. Bb2 Rc7 13. e4 Qa8 14. b5 d5 15.
Nd2 d4 16. Qc2 Ng4 17. h3 Nh6 18. a4 f5 19. a5 Qb8 20. axb6 axb6 21. f4 e5 22.
Rae1 exf4 23. Rxf4 Rcc8 24. Ref1 fxe4 25. Nxe4 Rxf4 26. Rxf4 Rf8 27. Bc1 Nf7
28. Qe2 Qa8 29. Rf1 Nde5 30. Bf4 Re8 31. Bxe5 Nxe5 32. Qh5 Re7 33. Qg5 Ng6 34.
h4 Re5 35. Qg4 Bc8 36. Qf3 Be6 37. Nf6+ Kh8 38. Qxa8+ Bg8 39. Qxg8# 1-0

[Event "Remembrance Day op"]
[Site "Toronto CAN"]
[Date "2002.11.10"]
[Round "4"]
[White "Bailey, Doug"]
[Black "Filipovich, David"]
[Result "0-1"]
[WhiteElo "2306"]
[BlackElo "2294"]
[PlyCount "92"]
[EventDate "2002.11.08"]
[EventType "swiss"]
[EventRounds "5"]
[EventCountry "CAN"]

1. e4 c6 2. d4 d5 3. exd5 cxd5 4. Bd3 Nc6 5. c3 g6 6. h3 Bg7 7. Nf3 Nh6 8. O-O
O-O 9. Re1 Kh8 10. a4 f6 11. Bc2 Nf7 12. Bb3 Qd6 13. Na3 a6 14. c4 e6 15. Bd2
Nxd4 16. Nxd4 dxc4 17. Nxc4 Qxd4 18. Qe2 Rd8 19. Ba5 Re8 20. Bb6 Qh4 21. Bc7
Re7 22. Bg3 Qd4 23. Red1 Qc5 24. Nd6 Bd7 25. Rac1 Qb6 26. Qc4 Bc6 27. Nxf7+
Rxf7 28. Qxe6 Rff8 29. Bd6 Rfe8 30. Qf7 Rac8 31. Be6 Rcd8 32. b3 Qa5 33. h4 Qh5
34. Rd3 Qxh4 35. Rc4 Qg5 36. Rg3 Qd2 37. Rh4 Qd1+ 38. Kh2 Qxd6 39. f4 Qxe6 40.
Qxg6 Qg8 41. Rgh3 Bh6 42. Rxh6 Qxg6 43. Rxg6 Rg8 44. f5 Rd2 45. Rxg8+ Kxg8 46.
Rg3+ Kf7 0-1

[Event "Remembrance Day op"]
[Site "Toronto CAN"]
[Date "2002.11.10"]
[Round "4"]
[White "Lucki, Arnie"]
[Black "Buscar, Michael"]
[Result "1/2-1/2"]
[WhiteElo "1955"]
[BlackElo "2070"]
[PlyCount "39"]
[EventDate "2002.11.08"]
[EventType "swiss"]
[EventRounds "5"]
[EventCountry "CAN"]

1. e4 e5 2. Nc3 Nf6 3. f4 d6 4. Nf3 Bg4 5. Bc4 Nc6 6. d3 Na5 7. O-O Nxc4 8.
dxc4 Be7 9. fxe5 Bxf3 10. Qxf3 dxe5 11. Be3 O-O 12. Rad1 Qc8 13. Nd5 Nxd5 14.
cxd5 Qd7 15. Qg3 f6 16. b3 a5 17. c4 b6 18. a4 Bc5 19. Qf2 Qd6 20. Rd3 1/2-1/2

[Event "Remembrance Day op"]
[Site "Toronto CAN"]
[Date "2002.11.10"]
[Round "4"]
[White "Miller, Evgeny"]
[Black "Solis, Jaime"]
[Result "1-0"]
[WhiteElo "2207"]
[BlackElo "1805"]
[PlyCount "59"]
[EventDate "2002.11.08"]
[EventType "swiss"]
[EventRounds "5"]
[EventCountry "CAN"]

1. e4 e5 2. Nf3 Nc6 3. d4 exd4 4. Bc4 Be7 5. Nxd4 Nf6 6. Nc3 O-O 7. O-O Ne5 8.
Bb3 d6 9. f4 Nc6 10. Nf3 Bg4 11. h3 Bxf3 12. Rxf3 a6 13. a3 Rb8 14. Rg3 Kh8 15.
Be3 Qe8 16. Qf3 Bd8 17. Re1 Qd7 18. Nd5 Nxd5 19. exd5 Ne7 20. Bd4 f6 21. Bc3
Qf5 22. Rg4 Qh5 23. Bc4 Qf7 24. Re6 Nf5 25. Bd3 Qh5 26. Qe4 g6 27. Re8 Kg7 28.
Qe6 Rf7 29. Bxf5 Qxg4 30. Bxg4 1-0

[Event "Remembrance Day op"]
[Site "Toronto CAN"]
[Date "2002.11.10"]
[Round "4"]
[White "Noritsyn, Nikolay"]
[Black "Kret, Ted"]
[Result "1/2-1/2"]
[WhiteElo "2124"]
[BlackElo "2217"]
[PlyCount "125"]
[EventDate "2002.11.08"]
[EventType "swiss"]
[EventRounds "5"]
[EventCountry "CAN"]

1. e4 e6 2. d4 d5 3. exd5 exd5 4. Nf3 Bd6 5. Bd3 Nf6 6. O-O O-O 7. Bg5 Nc6 8.
Nbd2 Nb4 9. Bb5 c6 10. Ba4 h6 11. Bh4 Bf5 12. a3 Na6 13. c3 Re8 14. Bc2 Bg4 15.
Bd3 Nc7 16. Qc2 Re6 17. h3 Bxf3 18. Nxf3 g5 19. Bg3 Bxg3 20. fxg3 Ne4 21. Ne5
f6 22. Ng4 Kg7 23. Rf3 Ne8 24. Re1 Qe7 25. Ne3 N8d6 26. c4 Qe8 27. c5 Nf7 28.
Nf5+ Kh8 29. Rfe3 Qd7 30. Bxe4 dxe4 31. Rxe4 Rae8 32. Rxe6 Rxe6 33. Rf1 Qe8 34.
Qb3 b5 35. Qf3 a5 36. Qh5 Kh7 37. Qf3 a4 38. Kh2 Re4 39. Qd3 Qe6 40. Nd6 Nxd6
41. cxd6 f5 42. Rxf5 Qxf5 43. d7 Qxd7 44. Qxe4+ Kg7 45. Qe5+ Kf7 46. Qe4 Qe6
47. Qh7+ Ke8 48. Qd3 Kd7 49. Qc3 Qb3 50. Qxb3 axb3 51. Kg1 Ke6 52. Kf2 Kf5 53.
Ke3 h5 54. Kd3 h4 55. gxh4 gxh4 56. Ke3 Ke6 57. Ke4 Kd6 58. Ke3 Ke6 59. Ke4 Kd6
60. Ke3 Kd5 61. Kd3 Kd6 62. Ke4 Ke6 63. Ke3 1/2-1/2

[Event "Remembrance Day op"]
[Site "Toronto CAN"]
[Date "2002.11.10"]
[Round "4"]
[White "Ochkoos, Jura"]
[Black "Leung, Victor"]
[Result "1-0"]
[WhiteElo "2350"]
[BlackElo "1989"]
[PlyCount "54"]
[EventDate "2002.11.08"]
[EventType "swiss"]
[EventRounds "5"]
[EventCountry "CAN"]

1. e4 e5 2. f4 d5 3. exd5 exf4 4. Nf3 Nf6 5. Bc4 Bd6 6. O-O O-O 7. d4 c6 8.
dxc6 Nxc6 9. c3 Qc7 10. Bb3 b6 11. Nbd2 Na5 12. Ne5 Bxe5 13. dxe5 Qc5+ 14. Kh1
Ng4 15. Ne4 Qxe5 16. Bxf4 Qxe4 17. Bd5 Qg6 18. Bxa8 Ba6 19. Qf3 Bxf1 20. Rxf1
Nc4 21. Be4 Qh5 22. h3 Nf6 23. b3 Qxf3 24. Bxf3 Na5 25. Rd1 Re8 26. Rd4 Re1+
27. Kh2 Rh1+ 1-0

[Event "Remembrance Day op"]
[Site "Toronto CAN"]
[Date "2002.11.10"]
[Round "4"]
[White "Okolotowicz, Zbigniew"]
[Black "Demmery, Steve"]
[Result "1-0"]
[WhiteElo "2235"]
[BlackElo "2108"]
[PlyCount "73"]
[EventDate "2002.11.08"]
[EventType "swiss"]
[EventRounds "5"]
[EventCountry "CAN"]

1. e4 c5 2. Nf3 e6 3. d4 cxd4 4. Nxd4 a6 5. Bd3 Nc6 6. Nxc6 dxc6 7. O-O e5 8.
Nc3 Bc5 9. Qe2 Ne7 10. Kh1 Ng6 11. f4 Nxf4 12. Bxf4 exf4 13. Rxf4 Be6 14. Raf1
Qe7 15. Bc4 O-O 16. Bd3 Bd4 17. Qh5 g6 18. Qa5 b6 19. Qa4 Be5 20. Qxc6 Bxf4 21.
Rxf4 Qg5 22. Rf1 Qc5 23. Qa4 b5 24. Qa5 Rfc8 25. Nd1 b4 26. Qa4 Bc4 27. Qd7 Rd8
28. Qh3 Ra7 29. Bxc4 Qxc4 30. Qf3 Re7 31. Qf6 Red7 32. Ne3 Qxe4 33. Qg5 Rd2 34.
h3 Kf8 35. Qh6+ Kg8 36. Qg5 Kf8 37. Qf6 1-0

[Event "Remembrance Day op"]
[Site "Toronto CAN"]
[Date "2002.11.10"]
[Round "4"]
[White "Southam, David"]
[Black "Findlay, Ian"]
[Result "0-1"]
[WhiteElo "2210"]
[BlackElo "2365"]
[PlyCount "110"]
[EventDate "2002.11.08"]
[EventType "swiss"]
[EventRounds "5"]
[EventCountry "CAN"]

1. d4 Nf6 2. c4 c5 3. d5 e6 4. Nc3 exd5 5. cxd5 d6 6. e4 g6 7. h3 Bg7 8. Nf3
O-O 9. Bd3 Bd7 10. a4 Na6 11. Bf4 Re8 12. O-O Nh5 13. Bh2 Qf6 14. Re1 Nf4 15.
Bb5 Bxb5 16. Nxb5 Re7 17. Ra3 Nb4 18. Rae3 a6 19. Nxd6 Qxd6 20. e5 Nxh3+ 21.
gxh3 Qxd5 22. Rc3 Rd8 23. Qxd5 Rxd5 24. a5 Nd3 25. Rd1 Red7 26. Rd2 Nxe5 27.
Bxe5 Rxd2 28. Nxd2 Rxd2 29. Rxc5 Bxe5 30. Rxe5 Rxb2 31. Re7 Rb5 32. Kg2 Kf8 33.
Rc7 Rxa5 34. Rxb7 Rb5 35. Ra7 Rb6 36. Kg3 Rf6 37. Kg2 Ke8 38. Kg3 Kd8 39. h4 h5
40. f4 Kc8 41. Kf3 Kb8 42. Re7 a5 43. Re4 Kb7 44. Re5 a4 45. Re7+ Kb6 46. Re8
Kb5 47. Ra8 Ra6 48. Rb8+ Kc4 49. Rc8+ Kd5 50. Rd8+ Ke6 51. Ke4 a3 52. Rd1 a2
53. Ra1 Ra4+ 54. Kf3 Kf5 55. Kg3 Ra3+ 0-1

[Event "Remembrance Day op"]
[Site "Toronto CAN"]
[Date "2002.11.10"]
[Round "5"]
[White "Filipovich, David"]
[Black "Ochkoos, Jura"]
[Result "1-0"]
[WhiteElo "2294"]
[BlackElo "2340"]
[PlyCount "43"]
[EventDate "2002.11.08"]
[EventType "swiss"]
[EventRounds "5"]
[EventCountry "CAN"]

1. Nf3 Nf6 2. g3 g6 3. Bg2 Bg7 4. O-O O-O 5. d4 d6 6. b3 c6 7. Bb2 Nh5 8. e4
Na6 9. Nbd2 Nc7 10. Re1 Ne6 11. Nf1 Bd7 12. Qd2 Nf6 13. c4 d5 14. e5 Ne4 15.
Qc2 f5 16. exf6 Rxf6 17. Ne3 Rc8 18. Qd3 Qf8 19. cxd5 Rxf3 20. dxe6 Rxf2 21.
exd7 Rxg2+ 22. Nxg2 1-0

[Event "Remembrance Day op"]
[Site "Toronto CAN"]
[Date "2002.11.10"]
[Round "5"]
[White "Findlay, Ian"]
[Black "Bailey, Doug"]
[Result "1-0"]
[WhiteElo "2368"]
[BlackElo "2306"]
[PlyCount "83"]
[EventDate "2002.11.08"]
[EventType "swiss"]
[EventRounds "5"]
[EventCountry "CAN"]

1. e4 c5 2. Nf3 d6 3. d4 cxd4 4. Nxd4 Nf6 5. Nc3 g6 6. Be3 Bg7 7. f3 O-O 8. Qd2
Nc6 9. O-O-O a5 10. g4 a4 11. a3 Qa5 12. h4 Bxg4 13. fxg4 Nxg4 14. Ndb5 Rfc8
15. Bg5 Nb4 16. Kb1 Rc5 17. Nd5 Nxd5 18. Qxa5 Rxa5 19. Rxd5 Rc8 20. Bh3 e6 21.
Nxd6 exd5 22. Nxc8 Nf2 23. exd5 h6 24. Bd2 Ra8 25. Ne7+ Kf8 26. Nxg6+ Kg8 27.
Ne7+ Kf8 28. Rf1 Nxh3 29. Nf5 Rd8 30. Bb4+ Kg8 31. Rf3 Kh7 32. d6 Ng5 33. hxg5
hxg5 34. Rh3+ Kg8 35. Rg3 f6 36. Rc3 Kh7 37. Rc7 Kg6 38. Nxg7 Rh8 39. d7 Rh1+
40. Ka2 Rd1 41. Ne6 f5 42. Nxg5 1-0

[Event "Remembrance Day op"]
[Site "Toronto CAN"]
[Date "2002.11.10"]
[Round "5"]
[White "Kret, Ted"]
[Black "Urquhart, Eddie"]
[Result "1-0"]
[WhiteElo "2217"]
[BlackElo "2266"]
[PlyCount "79"]
[EventDate "2002.11.08"]
[EventType "swiss"]
[EventRounds "5"]
[EventCountry "CAN"]

1. d4 Nf6 2. c4 e6 3. Nc3 Bb4 4. e3 c5 5. Bd3 Nc6 6. Nf3 O-O 7. d5 Bxc3+ 8.
bxc3 Na5 9. e4 d6 10. O-O e5 11. Bg5 h6 12. Bh4 Bg4 13. h3 Bxf3 14. Qxf3 g5 15.
Bg3 Kg7 16. Rae1 Qd7 17. Qd1 a6 18. h4 g4 19. f4 Nh5 20. f5 Kh7 21. Qxg4 Rg8
22. Qxh5 Rxg3 23. Rf3 Rag8 24. Rxg3 Rxg3 25. Be2 f6 26. Rf1 Qg7 27. Rf2 Kg8 28.
Qe8+ Qf8 29. Qa4 b6 30. Qa3 Re3 31. Qb2 Qd8 32. Qd2 Rxe4 33. Qxh6 Qf8 34. Qg6+
Qg7 35. h5 Qxg6 36. fxg6 Kg7 37. g4 Re3 38. Kg2 e4 39. g5 f5 40. h6+ 1-0

[Event "Remembrance Day op"]
[Site "Toronto CAN"]
[Date "2002.11.10"]
[Round "5"]
[White "Leung, Victor"]
[Black "Benson, Chris"]
[Result "1-0"]
[WhiteElo "1989"]
[BlackElo "2023"]
[PlyCount "67"]
[EventDate "2002.11.08"]
[EventType "swiss"]
[EventRounds "5"]
[EventCountry "CAN"]

1. d4 Nf6 2. c4 e6 3. Nc3 Bb4 4. e3 b6 5. Bd3 Bb7 6. Nf3 Ne4 7. Qc2 f5 8. Bd2
Nxd2 9. Kxd2 Nc6 10. a3 Bxc3+ 11. Qxc3 O-O 12. h4 Qf6 13. Rag1 Rae8 14. Rh3 e5
15. d5 e4 16. Qxf6 Rxf6 17. dxc6 Bxc6 18. Be2 exf3 19. Bxf3 d5 20. cxd5 Rd6 21.
Rc1 Bxd5 22. Ke2 c5 23. b4 Rc8 24. bxc5 bxc5 25. Bxd5+ Rxd5 26. Rf3 c4 27. Rc3
Rb8 28. Rf4 Rb2+ 29. Kf3 Ra2 30. Rcxc4 Rxa3 31. Rc7 a5 32. Rb7 g6 33. Rc4 Rd6
34. Rc8+ 1-0

[Event "Remembrance Day op"]
[Site "Toronto CAN"]
[Date "2002.11.10"]
[Round "5"]
[White "Southam, David"]
[Black "Okolotowicz, Zbigniew"]
[Result "1-0"]
[WhiteElo "2210"]
[BlackElo "2235"]
[PlyCount "70"]
[EventDate "2002.11.08"]
[EventType "swiss"]
[EventRounds "5"]
[EventCountry "CAN"]

1. d4 Nf6 2. c4 e6 3. Nc3 Bb4 4. Bg5 c5 5. d5 exd5 6. cxd5 d6 7. e3 Nbd7 8. Bb5
h6 9. Bh4 g5 10. Bg3 Ne4 11. Nge2 a6 12. Bd3 Ndf6 13. O-O Nxc3 14. bxc3 Ba5 15.
c4 Bc7 16. Nc3 h5 17. f3 h4 18. Be1 Qe7 19. Bd2 Nh5 20. Qc2 Bd8 21. Rab1 Qe5
22. f4 gxf4 23. exf4 Qd4+ 24. Rf2 Rg8 25. Re1+ Kf8 26. Ne4 h3 27. g3 Qg7 28.
Nxd6 Bd7 29. Ne4 b6 30. f5 Bh4 31. f6 Qg4 32. Bh6+ Ke8 33. Be2 Qg6 34. Nd6+ Kd8
35. Qxg6 Rxg6 1-0

[Event "Remembrance Day op"]
[Site "Winnipeg CAN"]
[Date "2002.11.08"]
[Round "1.2"]
[White "Anderson, Collin"]
[Black "Schulz, Waldemar"]
[Result "0-1"]
[WhiteElo "1605"]
[BlackElo "2075"]
[PlyCount "62"]
[EventDate "2002.11.08"]
[EventType "swiss"]
[EventRounds "5"]
[EventCountry "CAN"]
[Source "ChessBase"]
[SourceDate "2003.11.25"]

1. d4 Nf6 2. c4 g6 3. Nc3 d5 4. Nf3 Bg7 5. Bg5 Ne4 6. e3 Nxg5 7. Nxg5 e6 8. Nf3
O-O 9. Be2 c5 10. cxd5 exd5 11. dxc5 Qa5 12. O-O Bxc3 13. bxc3 Qxc5 14. Qd4 Nd7
15. a4 b6 16. Rab1 Bb7 17. Qxc5 Nxc5 18. Ra1 Rfc8 19. c4 Nb3 20. Ra3 dxc4 21.
Ne5 Na5 22. Rc3 Rc5 23. f4 Rac8 24. g4 R8c7 25. Rfc1 Bd5 26. g5 a6 27. Kf2 b5
28. axb5 axb5 29. Rb1 Nb3 30. Rc2 Be4 31. Rxb3 Bxc2 0-1

[Event "Remembrance Day op"]
[Site "Winnipeg CAN"]
[Date "2002.11.08"]
[Round "1.3"]
[White "Lipnowski, Samuel"]
[Black "Tetrault, Charles"]
[Result "1-0"]
[WhiteElo "2065"]
[BlackElo "1598"]
[PlyCount "63"]
[EventDate "2002.11.08"]
[EventType "swiss"]
[EventRounds "5"]
[EventCountry "CAN"]
[Source "ChessBase"]
[SourceDate "2003.11.25"]

1. h4 d5 2. h5 e5 3. d4 Nc6 4. dxe5 Nxe5 5. h6 Nxh6 6. Bxh6 gxh6 7. Nf3 Nxf3+
8. gxf3 Bf5 9. Qd4 Rg8 10. c3 c5 11. Qe5+ Be6 12. Na3 Qb6 13. O-O-O Bd6 14. Qf6
Be7 15. Qe5 Bd6 16. Qh5 c4 17. Nc2 O-O-O 18. e3 Qa5 19. Kb1 Rg6 20. Bh3 Kc7 21.
f4 f5 22. Bxf5 Bxf5 23. Qxf5 Be7 24. Qe5+ Bd6 25. Rxd5 Bxe5 26. Rxa5 Bg7 27.
Nd4 Kb6 28. Rb5+ Ka6 29. Rbh5 Rg2 30. R1h2 Rg1+ 31. Kc2 Bxd4 32. cxd4 1-0

[Event "Remembrance Day op"]
[Site "Winnipeg CAN"]
[Date "2002.11.08"]
[Round "1.4"]
[White "Tetrault, Claude"]
[Black "Kaptsan, Aron"]
[Result "0-1"]
[WhiteElo "1594"]
[BlackElo "2022"]
[PlyCount "88"]
[EventDate "2002.11.08"]
[EventType "swiss"]
[EventRounds "5"]
[EventCountry "CAN"]
[Source "ChessBase"]
[SourceDate "2003.11.25"]

1. d4 d5 2. c4 e6 3. Nc3 Nf6 4. Bg5 Bb4 5. Rc1 h6 6. Bh4 Nc6 7. Nf3 g5 8. Bg3
Ne4 9. Ne5 Bxc3+ 10. bxc3 h5 11. h4 Nxg3 12. Nxc6 bxc6 13. fxg3 Qd6 14. Qd3
dxc4 15. Qf3 gxh4 16. Rxh4 Bb7 17. e4 c5 18. Bxc4 cxd4 19. cxd4 O-O-O 20. d5 f5
21. Qf4 Qb4+ 22. Qd2 Qxd2+ 23. Kxd2 fxe4 24. Be2 Rxd5+ 25. Ke3 Rg8 26. g4 hxg4
27. Bxg4 Rd3+ 28. Ke2 Bd5 29. Bxe6+ Bxe6 30. Rxe4 Rd6 31. Kf1 Bd5 32. Re2 c6
33. Rcc2 Rd7 34. a4 Rdg7 35. Red2 Rxg2 36. Rxg2 Rxg2 37. Rxg2 Bxg2+ 38. Kxg2
Kb7 39. Kf2 Kb6 40. Ke3 Kc5 41. a5 a6 42. Kd3 Kb4 43. Kd4 c5+ 44. Kd3 Kxa5 0-1

[Event "Remembrance Day op"]
[Site "Winnipeg CAN"]
[Date "2002.11.08"]
[Round "1.5"]
[White "Khedkar, Jay"]
[Black "Gannon, Keith"]
[Result "1-0"]
[WhiteElo "1933"]
[BlackElo "1542"]
[PlyCount "51"]
[EventDate "2002.11.08"]
[EventType "swiss"]
[EventRounds "5"]
[EventCountry "CAN"]
[Source "ChessBase"]
[SourceDate "2003.11.25"]

1. e4 c5 2. Nf3 Nc6 3. d4 Nxd4 4. Nxd4 cxd4 5. Qxd4 d6 6. Nc3 Bd7 7. Be3 Bc6 8.
O-O-O Nf6 9. f4 Qc7 10. Nd5 Nxd5 11. exd5 Bd7 12. Bd3 b6 13. Rhe1 f6 14. f5
O-O-O 15. Ba6+ Kb8 16. Rd3 Bxf5 17. Rc3 Qd7 18. Qb4 e6 19. Bxb6 axb6 20. Qxb6+
Ka8 21. Rc7 Qxc7 22. Qxc7 Rb8 23. Re3 g6 24. Ra3 Bh6+ 25. Kd1 Bg4+ 26. Be2# 1-0